[Celia Donert: The Rights of the Roma]
| Titel: | [Celia Donert: The Rights of the Roma] / Ari Joskowicz |
|---|---|
| Verfasser: | |
| In: |
Journal of contemporary history, Band 55, Heft 1 (2020), Seite 228-229 alle Artikel anzeigen |
| Veröffentlicht: | 2020 |
| Format: | Aufsatz |
| Sprache: | Englisch |
X
alg: 52985295
001A $03025:14-05-25
001B $03025:14-05-25 $t16:10:50.000
001D $03025:14-05-25
001U $0utf8
001X $00
002@ $0Oou
002C $aText $btxt $2rdacontent
002D $aComputermedien $bc $2rdamedia
002E $aOnline-Ressource $bcr $2rdacarrier
003@ $0529852950
009Q $uhttps://doi.org/10.1177/0022009419896481k $xVolltext
010@ $aeng
010E $erda
011@ $a2020
013D $#Newspapers Sections, columns, etc. Reviews $#Book reviewing $#Journaux Cahiers, chroniques, etc. Comptes rendus $#Livres Recension $#Rezension $#Rezension $#Buchbesprechung $#Buchrezension $#Buchkritik $74049712-4 $8Rezension [Ts1] $9085138568
021A $a[Celia Donert: The Rights of the Roma] $hAri Joskowicz
028A $BVerfasser $#Joskowicz, Alexander $#Joskowicz, Alexander Ari $4aut $71071695274 $8Joskowicz, Ari$Z1975- [Tp3] $9359539076
031A $d55 $e1 $h228-229 $j2020
039B $aEnthalten in $8--Obvc--. Journal of contemporary history. - London {[u.a.] : Sage Publ., 1966-. - Online-Ressource. - ISSN 1461-7250 $x202000000550001772 $9083774181
039T $aRezension von $8--Aax--Donert, Celia$Z1975- [Tp3]. The @rights of the Roma. - Cambridge : Cambridge University Press, 2017. - xi, 297 pages. - ISBN 978-1-107-17627-0 $9419080880
045F $a305.80094370904 $eDDC23BSB
045F/01 $a305.8009
045F/03 $f0904
045F/03 $g437
lok: 52985295 78
exp: 52985295 78 1 #EPN
201B/01 $014-05-25 $t16:10:50.000
201C/01 $014-05-25
201U/01 $0utf8
203@/01 $01304501353
208@/01 $a14-05-25 $be
209A/01 $a/ $f000 $x00
209A/01 $ab*p $x01
220C/01 $apgar
244Z/01 $#Böhmische Kronländer $#Länder der Böhmischen Krone $#Sudetenland $#Böhmen $#Mähren $#Mährisch-Schlesien $#Österreichisch-Schlesien $#Tschechische Sozialistische Republik Böhmische Länder $#Tschechei Böhmische Länder $#Země koruny české $74069573-6 $8--Tg1--Böhmische Länder $x03 $9085195553
244Z/01 $#Tschechoslowakei $#Tschechoslowakei $#Tschechoslowakei $#Tschechische und Slowakische Föderative Republik $#République Tchéco-Slovaque $#Tchécoslovaquie $#Československá Federativní Republika $#Česká a Slovenská Federativní Republika $#Czech and Slovak Federal Republic $#ČSFR $#ČSSR $#ČSR $#RČS $#Československo $#Československá Socialistická Republika $#Československá Republika $#Tschechoslowakische Sozialistische Republik $#Tschechoslowakische Republik $#Tschechoslowakische Föderative Republik $#Republika Československá $#Czechoslovakia $#Čechoslovakische Republik $#République Tchécho-Slovaque $#Tchéchoslovaquie $#Czechoslovak Socialist Republic $#Checoeslovaquia $#Cecoslovacchia $#Čechoslovakija $#République tchécoslovaque $74078435-6 $8--Tg1--Tschechoslowakei $x04 $9085222305
244Z/01 $#Slowakei $#Slowakei $#Slowakei $#Slowakische Republik (1938-1945) $#Slowakische Republik $#Oberungarn $#Slovensko $#Slovenská Republika $#Slovenská SR $#SSR $#Slovakia $#Slovaquie $#Slovak Republic $#République Slovaque $#Slovenská Socialistická Republika $#Slowakische Sozialistische Republik $#Slovak Socialist Republic $#République Socialiste Slovaque $74055297-4 $8--Tg1--Slowakei $x12 $9085153834
247C/01 $82080>Marburg/Lahn, Herder-Institut, Forschungsbibliothek, Bibliographieportal $9336309341
| LEADER | 00000caa a2200000 c 4500 | ||
|---|---|---|---|
| 001 | 529852950 | ||
| 003 | DE-603 | ||
| 005 | 20250514161050.0 | ||
| 007 | cr|||||||||||| | ||
| 008 | 250514s2020 xx |||| o| u00||u|eng c | ||
| 035 | |a (DE-599)HEB529852950 | ||
| 040 | |a DE-603 |b ger |c DE-603 |d DE-603 |e rda | ||
| 041 | |a eng | ||
| 082 | 0 | 4 | |8 1\u |a 305.80094370904 |q DE-101 |2 23/BSB |
| 085 | |8 1\u |b 305.8009 | ||
| 085 | |8 1\u |z 1 |s 0904 | ||
| 085 | |8 1\u |z 2 |s 437 | ||
| 100 | 1 | |a Joskowicz, Ari |d 1975- |e Verfasser |4 aut |0 (DE-603)359539076 |0 (DE-588)1071695274 |2 gnd | |
| 245 | 0 | 0 | |a [Celia Donert: The Rights of the Roma] |c Ari Joskowicz |
| 264 | 0 | |c 2020 | |
| 336 | |a Text |b txt |2 rdacontent | ||
| 337 | |a Computermedien |b c |2 rdamedia | ||
| 338 | |a Online-Ressource |b cr |2 rdacarrier | ||
| 655 | 7 | |a Rezension |2 gnd-content |0 (DE-588)4049712-4 |0 (DE-603)085138568 | |
| 773 | 0 | 8 | |i Enthalten in |t Journal of contemporary history |d London [u.a.] : Sage Publ., 1966- |h Online-Ressource |x 1461-7250 |g Band 55, Heft 1 (2020), Seite 228-229 |w (DE-603)083774181 |w (DE-600)1494064-4 |
| 787 | 0 | 8 | |i Rezension von |a Donert, Celia, 1975- |t The rights of the Roma |d Cambridge : Cambridge University Press, 2017 |h xi, 297 pages |z 9781107176270 |w (DE-603)419080880 |
| 856 | |u https://doi.org/10.1177/0022009419896481k | ||
| 924 | 1 | |9 2080 |a (DE-603)1304501353 |b DE-2080 |c HES |d d |g / | |


